Southville International School and Colleges
Your cart is empty.
  • Cart
  • Lists
    Public lists Eva Luna New books Lux_list list_1
    Your lists Log in to create your own lists
  • Log in to your account
  • Your cookies
  • Search history
Southville International School and Colleges
  • Advanced search
  • Recent comments
  • Most popular
  • Libraries

Log in to your account

Log in with GOOGLE


If you do not have an external account, but do have a local account, you can still log in:

  1. Home
  2. MARC view: The silly sheepdog
Normal view MARC view ISBD view

The silly sheepdog (Record no. 365672)

[ view plain ]
MARC details
000 -LEADER
fixed length control field 00532nam a22001817a 4500
003 - CONTROL NUMBER IDENTIFIER
control field 0
005 - DATE AND TIME OF LATEST TRANSACTION
control field 20231128083320.0
008 - FIXED-LENGTH DATA ELEMENTS--GENERAL INFORMATION
fixed length control field 231128b xxu||||| |||| 00| 0 eng d
020 ## - INTERNATIONAL STANDARD BOOK NUMBER
International Standard Book Number 978-0-7460-6197-8
050 ## - LIBRARY OF CONGRESS CALL NUMBER
Classification number TR
Item number Sil581 2019
082 ## - DEWEY DECIMAL CLASSIFICATION NUMBER
Classification number TR
Item number Sil581 2019
100 ## - MAIN ENTRY--PERSONAL NAME
Personal name Amery, Heather
245 ## - TITLE STATEMENT
Title The silly sheepdog
Statement of responsibility, etc Heather Amery
260 ## - PUBLICATION, DISTRIBUTION, ETC. (IMPRINT)
Place of publication, distribution, etc London
Name of publisher, distributor, etc Usborne Publishing, Ltd.
Date of publication, distribution, etc c2019.
300 ## - PHYSICAL DESCRIPTION
Extent 15 pages :
Other physical details colored illustrations ;
Dimensions 21 cm.
654 ## - SUBJECT ADDED ENTRY--FACETED TOPICAL TERM
Focus term Children's stories--study and teaching.
942 ## - ADDED ENTRY ELEMENTS (KOHA)
Source of classification or shelving scheme Dewey Decimal Classification
Koha item type Books
Holdings
Withdrawn status Lost status Source of classification or shelving scheme Damaged status Home library Current library Shelving location Date acquired Source of acquisition Sub Shelving location Total Checkouts Full call number Barcode Date last seen Price effective from Koha item type
    Dewey Decimal Classification   Elizalde Library Elizalde Library Teachers Reference Section 04/23/2024 Library Fund     TR(PS E Sil581 2019 E12585 04/23/2024 04/23/2024 Books
    Library of Congress Classification   Munich Library Munich Library Teachers Reference Section 11/28/2023 Library Fund     TR Sil581 2019 M8593 11/28/2023 11/28/2023 Books

The silly sheepdog

APA

Amery H., . (2019). The silly sheepdog. London: Usborne Publishing, Ltd.

Chicago

Amery Heather, . 2019. The silly sheepdog. London: Usborne Publishing, Ltd.

Harvard

Amery H., . (2019). The silly sheepdog. London: Usborne Publishing, Ltd.

MLA

Amery Heather, . The silly sheepdog. London: Usborne Publishing, Ltd. 2019.

  • Place hold
  • Print
  • Cite
  • Add to your cart (remove)
  • Save record
    BIBTEX Dublin Core MARCXML MARC (non-Unicode/MARC-8) MARC (Unicode/UTF-8) MARC (Unicode/UTF-8, Standard) MODS (XML) RIS
  • More searches
    Search for this title in:
    Other Libraries (WorldCat) Other Databases (Google Scholar) Online Stores (Bookfinder.com) Open Library (openlibrary.org)

Exporting to Dublin Core...

SOUTHVILLE LIBRARY

Southville International School and Colleges Library

1281 Tropical Ave. Cor. Luxembourg St., BF Homes International, Las Pinas City

Tel. No. 8256374 / 252358 Loc. 117/146

Powered by Koha